Countries that Colonized the Americas - Statistics

General Stats
  • This quiz has been taken 37 times
  • The average score is 8 of 8
Answer Stats
Answer % Correct
Louisiana France
100%
Brazil Portugal
100%
Mexico Spain
100%
America UK
100%
Greenland Denmark
97%
Alaska Russia
97%
New York Netherlands
94%
New Jersey Sweden
65%
No matching quizzes found
Score Distribution
Percent of People with Each Score
Percentile by Number Answered
Your Score History
You have not taken this quiz